Las ideologías y el poder en crisis: pluralismo, democracia, socialismo, comunismo, tercera via y tercera fuerza
Saved in:
| Main Author: | |
|---|---|
| Format: | Book |
| Language: | Spanish |
| Published: |
Barcelona
Ariel
1988
|
| Series: | Ariel, 80
|
| Subjects: | |
| Tags: |
Add Tag
No Tags, Be the first to tag this record!
|
MARC
| LEADER | 00000nam a2200000 a 4500 | ||
|---|---|---|---|
| 001 | UCX6469 | ||
| 003 | CL-VaPUC | ||
| 008 | 930618e19880000SP |||||||||||||||||spa|d | ||
| 082 | 0 | 4 | |a 320 |b BOB |2 21 |
| 100 | |a Bobbio, Norberto |e autor |9 257371 | ||
| 245 | 1 | 4 | |a Las ideologías y el poder en crisis: pluralismo, democracia, socialismo, comunismo, tercera via y tercera fuerza |
| 300 | |a 188 p | ||
| 942 | |c BK | ||
| 945 | |d 19930618 00:00:00 |a oaravena | ||
| 260 | |a Barcelona |b Ariel |c 1988 | ||
| 650 | 0 | |a Ciencias Políticas |9 255201 | |
| 650 | 0 | |a Estado |9 255503 | |
| 650 | 7 | |a PLURALISMO CIENCIAS SOCIALES |2 CL-VaPUC |9 322950 | |
| 650 | 0 | |a Democracia |9 255256 | |
| 650 | 0 | |a Socialismo |9 255260 | |
| 650 | 0 | |a Comunismo |9 255588 | |
| 583 | |a last modification |c 19930618 00:00:00 |k Rodrigo Vera | ||
| 490 | 0 | |a Ariel, 80 | |
| 999 | |c 226479 |d 226477 | ||
| 952 | |0 0 |1 0 |4 0 |6 320_000000000000000_BOB_1988 |7 0 |8 A |9 224868 |a BIBHIS |b BIBHIS |d 2019-11-15 |i 2935937 |o 320 BOB 1988 |p 2935937 |r 2025-01-20 |w 2019-11-15 |y BK |k HIS | ||
| 952 | |0 0 |1 0 |4 0 |6 320_000000000000000_BOB_1988 |7 0 |8 DER_TF |9 224869 |a BIBDER |b BIBDER |d 2019-11-15 |i 2971771 |l 1 |o 320 BOB 1988 |p 2971771 |r 2023-01-25 |s 2020-03-17 |w 2019-11-15 |x Ubicación 4to Piso |y BK |z Estos recursos deben solicitarse con anticipación |k DER | ||